Informační požadavky moderního podniku informační management 1
Guardado en:
| Autor principal: | |
|---|---|
| Formato: | Libro |
| Lenguaje: | checo |
| Publicado: |
Praha
Univerzita Karlova v Praze. Nakladatelství Karolinum
2002
|
| Edición: | [2. uprav. vyd.] |
| Colección: | Učební texty Univerzity Karlovy v Praze
|
| Materias: | |
| Etiquetas: |
Sin Etiquetas, Sea el primero en etiquetar este registro!
|
MARC
| LEADER | 00000nam a2200000 4500 | ||
|---|---|---|---|
| 001 | c143053 | ||
| 005 | 20221124095028.4 | ||
| 020 | |a 80-246-0500-7 | ||
| 041 | 0 | |a cze | |
| 044 | |a CZ | ||
| 245 | 1 | 0 | |a Informační požadavky moderního podniku |b informační management 1 |c Peter Sokolowsky |
| 250 | |a [2. uprav. vyd.] | ||
| 264 | 1 | |a Praha |b Univerzita Karlova v Praze. Nakladatelství Karolinum |c 2002 | |
| 300 | |a 142 s. | ||
| 490 | 1 | |a Učební texty Univerzity Karlovy v Praze | |
| 830 | 0 | |a Učební texty Univerzity Karlovy v Praze | |
| 610 | 2 | 0 | |a manažment informačný |
| 610 | 2 | 0 | |a podnik |
| 610 | 2 | 0 | |a informácie |
| 610 | 2 | 0 | |a rozhodovanie |
| 610 | 2 | 0 | |a modely |
| 610 | 2 | 0 | |a metódy |
| 610 | 2 | 0 | |a portfólio |
| 610 | 2 | 0 | |a analýza korelačná |
| 610 | 2 | 0 | |a administratíva |
| 610 | 2 | 0 | |a projekty |
| 610 | 2 | 0 | |a náklady |
| 100 | 1 | |a Sokolowsky, Peter | |